Adivina la comida ficticia #1 - Estadísticas

Estadísticas generales
  • Esta prueba ha sido intentada 143 veces
  • La puntuación promedio es 4 de 16
Estadísticas de respuestas
Imagen Respuesta % Correcto
Dorayaki
90%
Espinacas
66%
Ratatouille
54%
Cubo de Cebo
51%
Bacon Frito
48%
Scooby Galletas
41%
Fruta Fria Frigorizada
25%
Tarta de Chocolate
25%
Tomacco
12%
Pastel de Manzana
10%
Gatolleta
7%
Beignet
6%
Bocata Mortal
6%
Huevos Rebuenos
3%
Pasta al Pesto
3%
Tubitostadas
1%
No se encontraron pruebas coincidentes
Distribución de puntuación
Porcentaje de gente con cada puntuación
Porcentaje por número respondido
Historial de tus puntuaciones
No has intentado esta prueba.